000 00567nam a2200241Ia 4500
003 OSt
005 20220912145537.0
006 a|||||r|||| 00| 0
007 ta
008 220909b |||||||| |||| 00| 0 eng d
024 _a70143
037 _cTextual
040 _aCSL
_beng
_cCSL
041 _aeng
082 _aL:7wN0, J6
100 _aYoung Agatba
245 0 _aScalpel : Men who made surgery
260 _c1956
300 _ap.
_ccm.
650 _aMedicine
942 _hL:7wN0, J6
_cTEXL
_2CC
999 _c34200
_d34200